|
|
|
|
| LEADER |
00000nam0a2200000 4500 |
| 001 |
368294 |
| 005 |
20231102012053.0 |
| 035 |
|
|
|a (RuTPU)RU\TPU\retro\25657
|
| 090 |
|
|
|a 368294
|
| 100 |
|
|
|a 20220406d1980 km y0rusy50 ca
|
| 101 |
0 |
|
|a rus
|
| 102 |
|
|
|a RU
|
| 105 |
|
|
|a a z 001zy
|
| 200 |
1 |
|
|a Контактные задачи теории упругих анизотропных оболочек
|f Б. Л. Пелех, М. А. Сухорольский
|g Академия наук Украинской ССР, Институт прикладных проблем механики и математики
|
| 210 |
|
|
|a Киев
|c Наукова думка
|d 1980
|
| 215 |
|
|
|a 215 с.
|c ил.
|
| 320 |
|
|
|a Библиогр.: с. 206-211
|
| 606 |
1 |
|
|a Оболочки анизотропные
|2 stltpush
|3 (RuTPU)RU\TPU\subj\46495
|9 65635
|
| 610 |
1 |
|
|a упругие оболочки
|
| 610 |
1 |
|
|a теория
|
| 610 |
1 |
|
|a контактные задачи
|
| 610 |
1 |
|
|a теория упругости
|
| 610 |
1 |
|
|a аппроксимация
|
| 610 |
1 |
|
|a функции
|
| 610 |
1 |
|
|a тонкие оболочки
|
| 610 |
1 |
|
|a теплопроводность
|
| 610 |
1 |
|
|a цилиндрические оболочки
|
| 610 |
1 |
|
|a упругие контакты
|
| 610 |
1 |
|
|a слоистые оболочки
|
| 610 |
1 |
|
|a армированные оболочки
|
| 675 |
|
|
|a 539.3
|v 4
|
| 700 |
|
1 |
|a Пелех
|b Б. Л.
|g Богдан Любомирович
|
| 701 |
|
1 |
|a Сухорольский
|b М. А.
|g Михаил Антонович
|
| 712 |
0 |
2 |
|a Академия наук Украинской ССР
|b Институт прикладных проблем механики и математики
|2 stltpush
|3 (RuTPU)RU\TPU\col\11857
|9 25275
|
| 801 |
|
1 |
|a RU
|b 63413507
|c 20220406
|
| 942 |
|
|
|c BK
|